Studies in the history of machine tools

Đã lưu trong:
Bibliografiske detaljer
Hovedforfatter: Woodbury, Robert S.
Format: Bog
Sprog:Undetermined
Udgivet: Cambridge The M.I.T. Press 1972
Fag:
Tags: Tilføj Tag
Ingen Tags, Vær først til at tagge denne postø!
Thư viện lưu trữ: Trung tâm Học liệu Trường Đại học Cần Thơ
LEADER 00518nam a2200193Ia 4500
001 CTU_82347
008 210402s9999 xx 000 0 und d
082 |a 621.9 
082 |b W884 
100 |a Woodbury, Robert S. 
245 0 |a Studies in the history of machine tools 
245 0 |c Robert S. Woodbury 
260 |a Cambridge 
260 |b The M.I.T. Press 
260 |c 1972 
650 |a Machine 
650 |x Tools,History 
904 |i Trọng Hải 
980 |a Trung tâm Học liệu Trường Đại học Cần Thơ